书目信息 |
| 题名: |
中国佛教史
|
|
| 作者: | 蒋维乔 著 | |
| 分册: | ||
| 出版信息: | 北京 中国文史出版社 2016 |
|
| 页数: | 276页 | |
| 开本: | 24cm | |
| 丛书名: | 民国名家史学典藏文库 | |
| 单 册: | ||
| 中图分类: | B949.2 | |
| 科图分类: | ||
| 主题词: | 佛教史--fo jiao shi--中国 | |
| 电子资源: | ||
| ISBN: | 978-7-5034-6988-6 | |
| 000 | 00967nam0 22002531 450 | |
| 001 | 0124140057 | |
| 005 | 20170324140057.0 | |
| 010 | @a978-7-5034-6988-6@dCNY42.00 | |
| 100 | @a20160218d2016 em y0chiy50 ea | |
| 101 | 0 | @achi |
| 102 | @aCN@b110000 | |
| 105 | @ay z 000yy | |
| 106 | @ar | |
| 200 | 1 | @a中国佛教史@9zhong guo fo jiao shi@f蒋维乔著 |
| 210 | @a北京@c中国文史出版社@d2016 | |
| 215 | @a276页@d24cm | |
| 225 | 2 | @a民国名家史学典藏文库@9min guo ming jia shi xue dian cang wen ku |
| 330 | @a本书是民国名家史学典藏文库的一种。全书为二十世纪上半叶中国近代教育家、佛教家蒋维乔在日本学者境野哲先生《支那佛教史纲》基础上撰写的著作,对民国以后的中国佛教研究曾起过积极的作用,不失为一本了解中国佛教历史的基本读物。 | |
| 461 | 0 | @12001 @a民国名家史学典藏文库 |
| 606 | 0 | @a佛教史@9fo jiao shi@y中国 |
| 690 | @aB949.2@v5 | |
| 701 | 0 | @a蒋维乔@9jiang wei qiao@f(1873/1871~1958)@4著 |
| 801 | 0 | @aCN@bTANGWEI@c20170308 |
| 905 | @b0961301-3@dB949.2@e388@f3 | |
| 中国佛教史/蒋维乔著.-北京:中国文史出版社,2016 |
| 276页;24cm.-(民国名家史学典藏文库) |
| ISBN 978-7-5034-6988-6:CNY42.00 |
| 本书是民国名家史学典藏文库的一种。全书为二十世纪上半叶中国近代教育家、佛教家蒋维乔在日本学者境野哲先生《支那佛教史纲》基础上撰写的著作,对民国以后的中国佛教研究曾起过积极的作用,不失为一本了解中国佛教历史的基本读物。 |
| ● |
| 相关链接 |
|
|
|
|
正题名:中国佛教史
索取号:B949.2/388
 
预约/预借
| 序号 | 登录号 | 条形码 | 馆藏地/架位号 | 状态 | 备注 |
| 1 | 0961301 | 209613015 | 不外借—密集书库/ [索取号:B949.2/388] | 在馆 | |
| 2 | 0961302 | 209613024 | 不外借—密集书库/ [索取号:B949.2/388] | 在馆 | |
| 3 | 0961303 | 209613033 | 不外借—密集书库/ [索取号:B949.2/388] | 在馆 |